000 00584nam a22001577a 4500
999 _c121625
_d121625
005 20210313112632.0
008 210313b ||||| |||| 00| 0 eng d
040 _cPK-LaUMT
082 _aRHC 320.954918
_bMUS-S
100 _aMusa Bhutto, Muhammad = موسی بھٹو، محمد
245 _aSindh ke halaat ki suchi tasweer = سندھ کے حالات کی سچی تصویر /
_cby Muhammad Musa Bhutto = از محمد موسی بھٹو
260 _aHyderabad :
_bBab ul Islam Publications,
_c1977
300 _a188 p
650 _aPakistan-Sind-Political situation
942 _cBK